| 000 | 00392nam a2200169Ia 4500 | ||
|---|---|---|---|
| 008 | 230524s9999 xx 000 0 und d | ||
| 020 | _a9788131716595 | ||
| 082 | _bJIN | ||
| 100 |
_aU.C.Jindal _942878 |
||
| 245 | 0 | _aMachine Design | |
| 250 | _a1 | ||
| 260 |
_aNew Delhi _bPearson _c2010 |
||
| 300 | _a"VIII,847p:" | ||
| 500 | _aQuantity Number: 1 | ||
| 650 | _aMechanics | ||
| 942 | _cBK | ||
| 999 |
_c57850 _d57850 |
||